[Event "AUTO-MASTER-2558"]
[Site "http://www.queenalice.com/game.php?id=1462262"]
[Date "2017.2.1"]
[Round "1"]
[White "KLEOJ"]
[Black "Fauquinelle"]
[Result "0-1"]
[WhiteElo "2153"]
[BlackElo "2008"]

1. Nc3 d5 2. e4 d4 3. Nce2 e5 4. Ng3 Bd6 5. Nf3 Bg4 6. Bc4 Nf6 7. O-O O-O 8. d3
Nbd7 9. a3 c6 10. h3 Be6 11. Bxe6 fxe6 12. Ng5 Qe7 13. f4 exf4 14. Bxf4 Bxf4 15.
Rxf4 h6 16. Nf3 e5 17. Rf5 g6 18. Rxf6 Rxf6 19. Qd2 Kh7 20. c3 c5 21. cxd4 cxd4
22. Rc1 Rc6 23. Rxc6 bxc6 24. Qa5 Nc5 25. Qb4 Rc8 26. Ne2 Rc7 27. Nc1 Rb7 28.
Qd2 Na4 29. b4 Nc3 30. Nb3 a5 31. Nxa5 Rb6 32. Nc4 Rb5 33. Nh2 c5 34. Ng4 g5 35.
Ngxe5 cxb4 36. Nf3 bxa3 37. Nxd4 Qa7 38. Qxc3 a2 0-1

[Event "AUTO-MASTER-2558"]
[Site "http://www.queenalice.com/game.php?id=1462277"]
[Date "2017.2.1"]
[Round "1"]
[White "KLEOJ"]
[Black "Taura10"]
[Result "1-0"]
[WhiteElo "2120"]
[BlackElo "2013"]

1. Nc3 c5 2. d4 cxd4 3. Qxd4 Nc6 4. Qa4 e6 5. Bf4 a6 6. e3 b5 7. Nxb5 e5 8. Bg3
Bb7 9. Nc3 d6 10. O-O-O Qd7 11. Nf3 f6 12. Bd3 Be7 13. Qh4 Nh6 14. Qh5+ Kf8 15.
Bc4 Nd8 16. Bd5 Bxd5 17. Nxd5 Rb8 18. Bh4 Qe6 19. Nc7 Qd7 20. Nd5 a5 21. Nxe5
Qb5 22. Nd3 Nc6 23. Bxf6 Bxf6 24. Nxf6 Ne5 25. Nd7+ Nxd7 26. Qxb5 Rxb5 27. a4
Rb6 28. b3 Kf7 29. Nf4 Rc8 30. Rd2 Rxb3 31. Rxd6 Rb7 32. Rhd1 Nc5 33. R1d4 Nf5
34. Rd8 Rxd8 35. Rxd8 Nxa4 36. Rd5 g6 37. Rxa5 Nc3 38. g4 Nd6 39. h4 Nc4 40. Ra1
Rd7 41. Nd3 h6 42. Ra6 Ne2+ 43. Kd1 Ng1 44. Ke1 Nf3+ 45. Ke2 Nxh4 46. Rc6 Nxe3
47. Ne5+ Ke7 48. Nxd7 Kxd7 49. Rc3 Nd5 50. Rd3 Ke6 51. Rd4 Ng2 52. Kf1 Nh4 53.
Ke2 g5 54. c4 Nc3+ 55. Kd3 Na4 56. Rd8 Ng6 57. Kd4 Ne5 58. Re8+ 1-0

[Event "AUTO-MASTER-2558"]
[Site "http://www.queenalice.com/game.php?id=1462278"]
[Date "2017.2.1"]
[Round "1"]
[White "Taura10"]
[Black "KLEOJ"]
[Result "0-1"]
[WhiteElo "2010"]
[BlackElo "2194"]

1. d4 Nf6 2. Bg5 e6 3. e4 Be7 4. Bxf6 Bxf6 5. e5 Be7 6. Nf3 O-O 7. Nc3 d6 8. d5
dxe5 9. dxe6 Bxe6 10. Nxe5 Nd7 11. Nxd7 Bxd7 12. Bd3 Bb4 13. O-O Bc6 14. Ne4 Qh4
15. Ng3 Rad8 16. Qb1 Rd6 17. Nf5 Qg5 18. g3 Rf6 19. Ne7+ Bxe7 20. c3 Qd5 0-1

[Event "AUTO-MASTER-2558"]
[Site "http://www.queenalice.com/game.php?id=1462279"]
[Date "2017.2.1"]
[Round "1"]
[White "KLEOJ"]
[Black "abelhm"]
[Result "1/2-1/2"]
[WhiteElo "2140"]
[BlackElo "2130"]

1. Nc3 e5 2. Nf3 Nc6 3. d4 exd4 4. Nxd4 Nxd4 5. Qxd4 Qf6 6. Be3 Be7 7. O-O-O a6
8. g3 c6 9. Bg2 Qxd4 10. Bxd4 Bf6 11. e4 Bxd4 12. Rxd4 Ne7 13. Bh3 Ng6 14. f4 b5
15. e5 Ke7 16. Rhd1 Rd8 17. Ne4 Nf8 18. Nd6 Ne6 19. Bxe6 fxe6 20. R4d3 a5 21. g4
Ba6 22. Rh3 Rh8 23. f5 b4 24. f6+ gxf6 25. exf6+ Kxf6 26. Rf3+ Ke7 27. Rf7+ Kd8
28. Rg7 Kc7 29. Ne4 Kb6 30. Rdxd7 Rad8 31. h4 h6 32. b3 Rxd7 33. Rxd7 Rg8 34. g5
hxg5 35. hxg5 Be2 36. Rf7 Bh5 37. Rf6 Bg4 38. Kd2 Bf5 39. Ke3 Rg6 40. Rxg6 Bxg6
41. c4 bxc3 42. Nxc3 Kc5 43. Kd2 Kb4 44. Ne2 e5 45. Nc3 e4 46. Ne2 a4 47. bxa4
Kxa4 48. Ke3 Ka3 49. Nc3 Kb2 50. Nxe4 Kxa2 51. Nd6 c5 52. Ne4 c4 53. Nc3+ Kb3
54. Kd4 Bf7 55. Ne4 Kb4 56. Nc3 Kb3 57. Ne4 Bg6 58. Nc3 Bd3 59. Nd5 Bg6 1/2-1/2

[Event "AUTO-MASTER-2558"]
[Site "http://www.queenalice.com/game.php?id=1462280"]
[Date "2017.2.1"]
[Round "1"]
[White "abelhm"]
[Black "KLEOJ"]
[Result "1-0"]
[WhiteElo "2138"]
[BlackElo "2162"]

1. e4 Nc6 2. Nf3 f5 3. e5 d6 4. Bb5 dxe5 5. Nxe5 Qd5 6. Bxc6+ bxc6 7. Nf3 e5 8.
Nc3 Qa5 9. Qe2 Bd6 10. O-O Ne7 11. Re1 O-O 12. Nxe5 Ba6 13. d3 Rae8 14. Nf3 Nd5
15. Qd2 Bb4 16. Rxe8 Rxe8 17. Qd1 Nxc3 18. bxc3 Bxc3 19. Bd2 Bxd2 20. Nxd2 c5
21. Nf3 h6 22. h3 Bb7 23. Nh4 Qc3 24. Nxf5 Re5 25. Ne3 Rg5 26. Rb1 Bc6 27. Qe1
Qd4 28. Qa5 Qd7 29. Kh2 Qf7 30. Qa6 Qf4+ 31. Kg1 Qf3 32. Kf1 Rxg2 33. Rb8+ Kh7
34. Nxg2 Qxg2+ 35. Ke1 Qh1+ 36. Kd2 Qf3 37. Kc1 Qf4+ 38. Kb1 Qf3 39. Qc8 Ba4 40.
Qg8+ Kg6 41. Qe6+ Kh5 42. Qe5+ g5 43. Qxc5 c6 44. Rb4 Bb5 45. a4 a5 46. Re4 Bxd3
47. cxd3 Qxd3+ 48. Qc2 1-0

[Event "AUTO-MASTER-2575"]
[Site "http://www.queenalice.com/game.php?id=1469643"]
[Date "2017.3.20"]
[Round "1"]
[White "chessman"]
[Black "KLEOJ"]
[Result "1-0"]
[WhiteElo "1972"]
[BlackElo "2125"]

1. e4 Nc6 2. Nf3 f5 3. exf5 d5 4. d4 Bxf5 5. Bb5 Nf6 6. Ne5 Bd7 7. Nxd7 Qxd7 8.
O-O e6 9. Bxc6 Qxc6 10. c3 Be7 11. Re1 O-O 12. Qe2 Ne4 13. f3 Ng5 14. Bxg5 Bxg5
15. Qxe6+ Qxe6 16. Rxe6 Bc1 17. Re2 Rae8 18. Rc2 Re1+ 19. Kf2 Rfe8 20. Na3 Bd2
21. Rxe1 Bxe1+ 22. Kf1 Bh4 23. g3 Bf6 24. Re2 Rxe2 25. Kxe2 c6 26. Nc2 Kf7 27.
Ke3 Ke6 28. Ne1 h5 29. Nd3 b6 30. Kf4 g5+ 31. Ke3 Kf5 32. h3 a5 33. f4 h4 34.
g4+ Ke6 35. Kf3 Kd6 36. Ne5 c5 37. Nf7+ Kc6 38. fxg5 Bg7 39. Kf4 cxd4 40. Ne5+
Kc5 41. Nd7+ Kc6 42. Nf6 dxc3 43. bxc3 b5 44. Ke3 Kc5 45. Kd3 b4 46. cxb4+ axb4
47. Nh5 Be5 48. g6 Kb5 49. g7 Bxg7 50. Nxg7 Ka4 51. Kc2 Ka3 52. Kb1 d4 53. Nf5
d3 54. Ne3 b3 55. g5 bxa2+ 56. Ka1 Kb3 57. g6 Kc3 58. Nf1 1-0

[Event "AUTO-MASTER-2575"]
[Site "http://www.queenalice.com/game.php?id=1469644"]
[Date "2017.3.20"]
[Round "1"]
[White "KLEOJ"]
[Black "chessman"]
[Result "0-1"]
[WhiteElo "2124"]
[BlackElo "1975"]

1. Nc3 d5 2. e4 dxe4 3. Nxe4 Nd7 4. Bc4 e6 5. Nf3 Ngf6 6. Qe2 Be7 7. Neg5 O-O 8.
d3 Nb6 9. Bb3 h6 10. Nh3 Re8 11. O-O c5 12. Be3 Bd7 13. Nf4 Bc6 14. Ne5 Bd5 15.
Nxd5 Nbxd5 16. Bd2 b6 17. Rae1 Bd6 18. Ng4 Nxg4 19. Qxg4 Qf6 20. c4 Ne7 21. Bc3
Qg6 22. Qh3 Nc6 23. Ba4 Rec8 24. Qf3 Ne7 25. Bd7 Rd8 26. Ba4 Rab8 27. Bc2 Qf5
28. Qe2 Qg5 29. Bd2 Qh4 30. g3 Qh3 31. Bd1 Nf5 32. Qe4 Nd4 33. Bg4 f5 34. Qxd4
Qxf1+ 35. Kxf1 cxd4 36. Bh5 e5 37. a3 Kh7 38. Bf7 Rf8 39. Bd5 Rf6 40. b4 Rbf8
41. Kg2 Kh8 42. h4 e4 43. dxe4 fxe4 44. Rf1 e3 45. Be1 d3 46. f4 d2 47. Bxd2
exd2 48. Rd1 a5 49. bxa5 bxa5 50. Rxd2 Bxa3 51. Rc2 Bc5 52. Rb2 Bb4 53. Rc2 Rc8
54. Kf3 Rd6 55. Ra2 Re8 56. Kg4 Re3 57. f5 Rd8 58. Kf4 Ree8 59. g4 Re1 60. g5
Rd1 61. f6 gxf6 62. gxf6 R1xd5 63. cxd5 Rxd5 64. f7 Kg7 65. Ke4 Rd7 0-1

[Event "AUTO-MASTER-2575"]
[Site "http://www.queenalice.com/game.php?id=1469655"]
[Date "2017.3.20"]
[Round "1"]
[White "BEBADO"]
[Black "KLEOJ"]
[Result "0-1"]
[WhiteElo "2242"]
[BlackElo "2147"]

1. e4 Nc6 2. Nf3 f5 3. exf5 d5 4. Bb5 Bxf5 5. d4 Nf6 6. Ne5 Bd7 7. Nxd7 Qxd7 8.
O-O g6 9. Nd2 Bg7 10. Nf3 O-O 11. Ne5 Qd6 12. Bxc6 bxc6 13. Qe2 Ne4 14. f3 Nf6
15. Nd3 Nd7 16. c3 e5 17. dxe5 Nxe5 18. Bf4 Rae8 19. Nxe5 Rxf4 0-1

[Event "AUTO-MASTER-2575"]
[Site "http://www.queenalice.com/game.php?id=1469656"]
[Date "2017.3.20"]
[Round "1"]
[White "KLEOJ"]
[Black "BEBADO"]
[Result "0-1"]
[WhiteElo "2149"]
[BlackElo "2239"]

1. Nc3 d5 2. e4 c6 3. Nf3 Bg4 4. h3 Bh5 5. d4 e6 6. Bd3 dxe4 7. Nxe4 Bxf3 8.
Qxf3 Qxd4 9. O-O Nd7 10. c3 Qb6 11. Be3 Qc7 12. Bf4 e5 13. Bg3 Ngf6 14. Bc4 Be7
15. Bxf7+ Kxf7 16. Ng5+ Kg8 17. Rfe1 h6 18. Ne6 Qd6 19. Qf5 Kf7 20. Ng5+ hxg5
21. Rad1 Qe6 22. Qxg5 Rh5 23. Qe3 Rah8 24. Qxa7 Rxh3 25. gxh3 Qxh3 26. Bh2 Qxh2+
27. Kf1 Bc5 28. Rxd7+ Nxd7 0-1

[Event "AUTO-MASTER-2575"]
[Site "http://www.queenalice.com/game.php?id=1469663"]
[Date "2017.3.20"]
[Round "1"]
[White "KLEOJ"]
[Black "joao"]
[Result "0-1"]
[WhiteElo "2143"]
[BlackElo "2179"]

1. Nc3 e5 2. Nf3 d6 3. d4 Nd7 4. e4 Ngf6 5. Bc4 Be7 6. O-O O-O 7. Re1 c6 8. Bg5
b5 9. Bb3 Bb7 10. d5 Nxd5 11. exd5 Bxg5 12. dxc6 Bxc6 13. Qxd6 Bxf3 14. gxf3 Bf4
15. Re4 Qg5+ 16. Kf1 Nf6 17. Rb4 e4 18. Qc6 Bxh2 19. Rd1 Qg1+ 20. Ke2 exf3+ 21.
Qxf3 Rfe8+ 22. Ne4 Qg6 23. Rdd4 a5 24. Rxb5 Nxe4 25. Bxf7+ Qxf7 0-1

[Event "AUTO-MASTER-2585"]
[Site "http://www.queenalice.com/game.php?id=1474043"]
[Date "2017.4.18"]
[Round "1"]
[White "patreszer"]
[Black "KLEOJ"]
[Result "1-0"]
[WhiteElo "1947"]
[BlackElo "2143"]

1. Nf3 Nf6 2. c4 c6 3. g3 d5 4. e3 e6 5. Qc2 Nbd7 6. Bg2 Be7 7. O-O O-O 8. d4
Ne4 9. Nbd2 f5 10. h3 Qe8 11. Nxe4 fxe4 12. Nh2 Nf6 13. c5 Qh5 14. b4 e5 15. a4
Bxh3 16. Bxh3 Qxh3 17. b5 Nh5 18. Qe2 Rf6 19. Qg4 Qxg4 20. Nxg4 Rh6 21. Nxh6+
1-0

[Event "AUTO-MASTER-2585"]
[Site "http://www.queenalice.com/game.php?id=1474044"]
[Date "2017.4.18"]
[Round "1"]
[White "KLEOJ"]
[Black "patreszer"]
[Result "1-0"]
[WhiteElo "2108"]
[BlackElo "1979"]

1. Nc3 c5 2. d4 cxd4 3. Qxd4 Nc6 4. Qh4 Nf6 5. Bg5 h6 6. O-O-O Ne5 7. Bxf6 exf6
8. Nf3 Ng6 9. Qe4+ Be7 10. Nd5 O-O 11. h4 Re8 12. h5 Nf8 13. Qd3 Ne6 14. Rh3 Ng5
15. Nxg5 fxg5 16. f4 Qa5 17. Nxe7+ Rxe7 18. Kb1 d5 19. Re3 Rxe3 20. Qxe3 gxf4
21. Qe8+ Kh7 22. e3 Bg4 23. Bd3+ f5 24. Qxa8 fxe3 25. Qe8 Qb6 26. Re1 d4 27. Bc4
1-0

[Event "AUTO-MASTER-2585"]
[Site "http://www.queenalice.com/game.php?id=1474055"]
[Date "2017.4.18"]
[Round "1"]
[White "colognestar"]
[Black "KLEOJ"]
[Result "1-0"]
[WhiteElo "2233"]
[BlackElo "2130"]

1. e4 Nc6 2. d4 e5 3. Nf3 exd4 4. Bc4 Bc5 5. c3 d3 6. Qxd3 d6 7. b4 Bb6 8. a4 a5
9. b5 Nce7 10. Bg5 f6 11. Bh4 Ng6 12. Bg3 Nh6 13. h4 Ng4 14. Nbd2 Nf4 15. Bxf4
Nxf2 16. Qd5 Qe7 17. Rf1 Ng4 18. O-O-O Be3 19. Bg3 Bb6 20. Bf4 Be3 21. Bg3 Bc5
22. Rde1 Ne3 23. Rxe3 Bxe3 24. Kc2 Ra7 25. Re1 Bb6 26. e5 fxe5 27. Bxe5 Bf5+ 28.
Kb2 Be6 29. Qxe6 Qxe6 30. Bxe6 dxe5 31. Rxe5 Rf8 32. Bg8+ Kd7 33. Bxh7 Raa8 34.
Bf5+ Kd8 35. Rd5+ Ke7 36. g4 Rad8 37. Re5+ Kf6 38. Ne4+ Kf7 39. Nfg5+ Kg8 40.
Be6+ Kh8 41. Nf7+ Kh7 42. Rh5+ Kg6 43. Ne5# 1-0

[Event "AUTO-MASTER-2585"]
[Site "http://www.queenalice.com/game.php?id=1474056"]
[Date "2017.4.18"]
[Round "1"]
[White "KLEOJ"]
[Black "colognestar"]
[Result "1-0"]
[WhiteElo "2108"]
[BlackElo "2245"]

1. Nc3 d5 2. e4 dxe4 3. Nxe4 Bf5 4. Ng3 Bg6 5. Nf3 Nf6 6. h4 h6 7. Ne5 Bh7 8.
Bc4 e6 9. Qe2 Qd6 10. O-O Be7 11. d3 Nbd7 12. Bf4 Nxe5 13. Bxe5 Qb6 14. a4 Nd7
15. Bxg7 Rg8 16. Nh5 Bxh4 17. Qf3 Bg5 18. a5 Qd6 19. a6 Rb8 20. axb7 Bg6 21. Bc3
Bxh5 22. Qxh5 Rxb7 23. Rfe1 Ke7 24. Qf3 c6 25. Ra6 Nb8 26. Ra4 Nd7 27. Ra6 Nb8
28. Be5 Qb4 29. c3 Qxb2 30. Bxb8 Rgxb8 31. Qxc6 Qxc3 32. Rxe6+ fxe6 33. Qxe6+
Kf8 34. Qg8+ Ke7 35. Re6+ Kd7 36. Qf7+ 1-0

[Event "AUTO-MASTER-2585"]
[Site "http://www.queenalice.com/game.php?id=1474063"]
[Date "2017.4.18"]
[Round "1"]
[White "KLEOJ"]
[Black "Pin"]
[Result "1-0"]
[WhiteElo "2140"]
[BlackElo "2016"]

1. Nc3 d5 2. e4 d4 3. Nce2 e5 4. Ng3 Nf6 5. Nf3 Bd6 6. Bc4 O-O 7. O-O Nc6 8. a3
Bg4 9. h3 Bd7 10. d3 Qe7 11. Bg5 Rae8 12. Nh5 Kh8 13. Nh4 Be6 14. Bb5 a6 15.
Bxc6 bxc6 16. Qf3 h6 17. Nxf6 1-0

[Event "AUTO-MASTER-2585"]
[Site "http://www.queenalice.com/game.php?id=1474064"]
[Date "2017.4.18"]
[Round "1"]
[White "Pin"]
[Black "KLEOJ"]
[Result "0-1"]
[WhiteElo "1950"]
[BlackElo "2137"]

1. d4 Nf6 2. Bf4 d6 3. Nf3 Nbd7 4. Nbd2 b6 5. e3 Bb7 6. Bd3 e6 7. c4 Be7 8. Qc2
O-O 9. Ng5 h6 10. Nge4 Nxe4 11. Nxe4 d5 12. cxd5 exd5 13. Bxc7 Qc8 14. Rc1 dxe4
15. Bxe4 Nf6 16. Bf5 Bb4+ 17. Kf1 Qe8 18. Be5 Qb5+ 19. Kg1 Qd5 20. f3 g6 21.
Bxg6 Rfc8 22. Qb1 Rxc1+ 23. Qxc1 fxg6 24. Bxf6 Rc8 25. Qb1 Kf7 26. Be5 Qc4 27.
h3 Qe2 28. e4 Rc2 0-1

[Event "AUTO-MASTER-2597"]
[Site "http://www.queenalice.com/game.php?id=1479462"]
[Date "2017.5.23"]
[Round "1"]
[White "dadge"]
[Black "KLEOJ"]
[Result "0-1"]
[WhiteElo "1971"]
[BlackElo "2129"]

1. e4 Nc6 2. d4 e5 3. d5 Nce7 4. c4 Ng6 5. Nc3 Nf6 6. Bd3 Bc5 7. Nce2 O-O 8. Nf3
d6 9. a3 a6 10. b4 Ba7 11. O-O Bg4 12. Ng3 Nd7 13. h3 Bxf3 14. Qxf3 Nh4 15. Qg4
f5 16. exf5 e4 17. Qxe4 Ne5 18. Bc2 Qf6 19. Be3 Bxe3 20. fxe3 Rae8 21. Nh5 Qg5
22. Bd1 Nef3+ 23. Bxf3 Rxe4 0-1

[Event "AUTO-MASTER-2597"]
[Site "http://www.queenalice.com/game.php?id=1479463"]
[Date "2017.5.23"]
[Round "1"]
[White "KLEOJ"]
[Black "dadge"]
[Result "1-0"]
[WhiteElo "2136"]
[BlackElo "1985"]

1. Nc3 e6 2. e4 d5 3. Nf3 d4 4. Ne2 c5 5. Ng3 Nc6 6. Bb5 Bd7 7. O-O Nf6 8. d3 a6
9. Ba4 b5 10. Bb3 a5 11. a4 b4 12. Bf4 h6 13. Ne5 Nxe5 14. Bxe5 Be7 15. f4 Bc6
16. f5 exf5 17. Nxf5 O-O 18. Nxe7+ Qxe7 19. Bxf6 gxf6 20. Qg4+ Kh7 21. Qf5+ Kg7
22. Rf3 Qe5 23. Rg3+ Kh8 24. Qh3 Kh7 25. Rf1 Ra7 26. Qh4 Bd7 27. Rxf6 1-0

[Event "AUTO-MASTER-2597"]
[Site "http://www.queenalice.com/game.php?id=1479490"]
[Date "2017.5.23"]
[Round "1"]
[White "KLEOJ"]
[Black "Eduardomoreto67"]
[Result "0-1"]
[WhiteElo "2133"]
[BlackElo "2168"]

1. Nc3 d5 2. e4 dxe4 3. Nxe4 e5 4. Bc4 Bf5 5. Qe2 Nf6 6. Ng5 Bg6 7. Qxe5+ Be7 8.
d3 O-O 9. N1f3 Bb4+ 10. Kf1 Nc6 11. Qf4 h6 12. Nh3 Nh5 13. Qg4 Kh7 14. Nh4 Ne5
15. Qe2 Nxc4 16. Nxg6 Re8 17. Be3 Nxe3+ 18. fxe3 fxg6 19. c3 Bd6 20. g4 Nf4 21.
Nxf4 Bxf4 22. e4 Rf8 23. Kg2 Qh4 24. Raf1 Rf7 25. Qf3 Raf8 26. Qh3 Qg5 27. Rf3
Kg8 28. Rhf1 h5 29. Rg3 Bxg3 30. Rxf7 Rxf7 31. Qxg3 hxg4 32. h4 Qd2+ 33. Kg1
Qd1+ 34. Kh2 Qe2+ 0-1

[Event "AUTO-MASTER-2597"]
[Site "http://www.queenalice.com/game.php?id=1479491"]
[Date "2017.5.23"]
[Round "1"]
[White "Eduardomoreto67"]
[Black "KLEOJ"]
[Result "0-1"]
[WhiteElo "2184"]
[BlackElo "2116"]

1. e4 Nc6 2. d4 e5 3. d5 Nce7 4. c4 Ng6 5. Nc3 Nf6 6. Nf3 Bc5 7. Be2 O-O 8. Bg5
d6 9. O-O h6 10. Bxf6 Qxf6 11. h3 Nf4 12. Na4 Bb6 13. b4 Bd7 14. Nb2 Qg6 15. Ne1
Bxh3 16. Bf3 f5 17. Qc2 fxe4 18. Bxe4 Bf5 19. Bxf5 Rxf5 20. Nbd3 Nxg2 0-1